Algebraic geometry I : complex projective varieties /

Guardado en:
Autor Principal: Mumford, David, 1937-
Formato: Libro
Idioma:English
Publicado: Berlin ; New York : Mumford, David, 1976.
Series:Grundlehren der mathematischen Wissenschaften ; 221
Materias:
Etiquetas: Agregar Etiqueta
Sin Etiquetas, Sea el primero en etiquetar este registro!
LEADER 00782cam a2200241 a 4500
001 MAT.inmabb005926
008 751229s1976####wb#a#####b####001#0#eng##
005 20170428164910.0
245 1 0 |a Algebraic geometry I :  |b complex projective varieties /  |c David Mumford. 
260 |a Berlin ;  |a New York :  |b Mumford, David,  |c 1976. 
300 |a x, 186 p. :  |b il. ;  |c 25 cm. 
440 0 |a Grundlehren der mathematischen Wissenschaften ;  |v 221 
504 |a Bibliografía: p. [181]-182. 
500 |a Incluye índice. 
510 4 |a MR,  |c 96d:14001 
020 |a 0387076034 
100 1 |a Mumford, David,  |d 1937- 
650 0 |a Geometry, Algebraic. 
650 0 |a Algebraic varieties. 
084 |a 14-XX  |2 MR 
010 |a  75045192  
040 |a DLC  |c DLC  |d DLC 
859 |h 14  |i M962a  |p A-4704  |b BIB. MATEMATICA